| 000 -LEADER |
| fixed length control field |
00359nam a22001217a 4500 |
| 003 - CONTROL NUMBER IDENTIFIER |
| control field |
OSt |
| 008 - FIXED-LENGTH DATA ELEMENTS--GENERAL INFORMATION |
| fixed length control field |
110509b xxu||||| |||| 00| 0 eng d |
| 041 ## - LANGUAGE CODE |
| Language code of text/sound track or separate title |
eng |
| 100 1# - MAIN ENTRY--PERSONAL NAME |
| Personal name |
Seymour, James Benjamin, 1867-1950.; Easton, John.; Gardiner-Hill, Clive. |
| 245 10 - TITLE STATEMENT |
| Title |
The postage stamps of Great Britain, 1840-1853. |
| 260 ## - PUBLICATION, DISTRIBUTION, ETC. (IMPRINT) |
| Name of publisher, distributor, etc. |
Royal Philatelic Society |
| 300 ## - PHYSICAL DESCRIPTION |
| Extent |
0 pages |